Welcome to the Holygrace Academy Library

Please use search bar below to get started

ULTIMATE FAMILY VISUAL DICTIONARY (Record no. 2152)

MARC details
000 -LEADER
fixed length control field 00330nam a22001337a 4500
020 ## - INTERNATIONAL STANDARD BOOK NUMBER
ISBN 978-0-143-41954-9
082 ## - DEWEY DECIMAL CLASSIFICATION NUMBER
Classification number 030
Item number DK/U
100 ## - MAIN ENTRY--AUTHOR NAME
Personal name DORLING KINDERSLEY LIMITED
245 ## - TITLE STATEMENT
Title ULTIMATE FAMILY VISUAL DICTIONARY
260 ## - PUBLICATION, DISTRIBUTION, ETC. (IMPRINT)
Place of publication LONDON
Name of publisher DK LIMITED
Year of publication 2012
300 ## - PHYSICAL DESCRIPTION
Number of Pages 672
650 ## - SUBJECT ADDED ENTRY--TOPICAL TERM
Topical Term DICTIONARY
Geographic subdivision UNITED KINGDOM
942 ## - ADDED ENTRY ELEMENTS (KOHA)
Koha item type Books
Holdings
Withdrawn status Lost status Collection code Home library Current library Shelving location Date acquired Source of acquisition Cost, normal purchase price Full call number Accession Number Koha item type
    Reference Main Library Main Library SHELF 1 G -DICTIONARY,THEASAURUS 29/11/2013 purchase 1999.00 030 DK/U 07360 Books
    Reference Main Library Main Library SHELF 1 G -DICTIONARY,THEASAURUS 22/11/2013 purchase 1999.00 030 DK/U 07359 Books